O LIVRO da vida (Record no. 141936)
[ view plain ]
| 000 -LÍDER | |
|---|---|
| campo de controle de tamanho fixo | 01363 a2200181 4500 |
| 001 - NÚMERO DE CONTROLE | |
| campo de controle | 141936 |
| 040 ## - FONTE DA CATALOGAÇÃO | |
| Instituição que transcreveu o registro | Leonardo Da Vinci |
| 041 ## - CÓDIGO DE IDIOMA | |
| Código do idioma do texto/trilha sonora ou título diferente | Português |
| 082 ## - CDD - CLASSIFICAÇÃO DECIMAL DE DEWEY | |
| Número de Classificação | r610 L762l |
| Número do exemplar | L762l |
| 245 ## - TÍTULO | |
| Título | O LIVRO da vida |
| 250 ## - EDIÇÃO | |
| Edição | 2.ed. v.1 |
| 260 ## - PUBLICAÇÃO, DISTRIBUIÇÃO, ETC. | |
| Nome do editor, distribuidor, etc. | Abri Cultural |
| Data da publicação, distribuição, etc. | 1974 |
| Local de publicação, distribuição, etc. | São Paulo |
| 300 ## - DESCRIÇÃO FÍSICA | |
| Extensão | 424 |
| 362 ## - DATAS DE PUBLICAÇÃO E/OU DESIGNAÇÃO SEQUENCIAL | |
| Datas de publicação e/ou designação sequencial | 19740000 |
| 500 ## - NOTA GERAL | |
| Nota geral | Obra em 6 volumes |
| 697 ## - ENTRADA DE ASSUNTO LOCAL--ENTIDADE COLETIVA (RLIN) | |
| Nome corporativo ou nome da jurisdição | Referência |
| -- | Enciclopédia |
| -- | Curiosidades |
| -- | Medicina |
| -- | Saúde |
| -- | Doença |
| -- | Anatomia humana |
| -- | Patologia humana |
| -- | Fisiologia humana |
| -- | Remédio |
| -- | Sintomas |
| -- | Dor |
| -- | Tontura |
| -- | Tremor |
| -- | Defesas do organismo |
| -- | Diagnóstico médico |
| -- | Exame médico |
| -- | Hospital |
| -- | Profissão médico |
| -- | Profissão enfermeiro |
| -- | Pílula anticoncepcional |
| -- | Esterilização cirúrgica |
| -- | Esterilidade conjugal |
| -- | Inseminação artificial |
| -- | Ginecologia |
| -- | Moléstia feminina |
| -- | Atração sexual |
| -- | Amor |
| -- | Namoro |
| -- | Casamento |
| -- | Comportamento sexual humano |
| -- | Planejamento familiar |
| -- | Corpo humano |
| -- | Coração |
| -- | Cérebro |
| -- | Óssos |
| -- | Músculos |
| -- | Mão |
| -- | Exercício físico |
| -- | Digestão |
| -- | Embrião |
| -- | Gravidez |
| -- | Feto |
| -- | Parto |
| -- | Cesariana |
| -- | Parto prematuro |
| -- | Relacionamento |
| -- | Alimentação |
| -- | Nutrição |
| -- | Desnutrição |
| -- | Perturbação digestiva |
| -- | Úlcera |
| -- | Epidemia |
| -- | Pulmão |
| -- | Mente |
| -- | Ansiedade |
| -- | Sonho |
| -- | Personalidade |
| -- | Mente |
| -- | Doença mental |
| -- | Aprendizagem |
| -- | Memória |
| -- | Personalidade psicopática |
| -- | Histeria |
| -- | Personalidade histérica |
| -- | Personalidade ciclotímica |
| -- | Obsessão |
| -- | Compulsão |
| 942 ## - ELEMENTOS DE ENTRADA ADICIONADOS (KOHA) | |
| Tipo de material Koha | Livros |
| Situação do descarte | Situação das perdas | Situação física | Não pode ser emprestado | Biblioteca de origem | Biblioteca atual | Data de aquisição | Total de empréstimos | Número de chamada completo | Código de barras | Data de último acesso | Data do preço efetivo | Tipo de material Koha |
|---|---|---|---|---|---|---|---|---|---|---|---|---|
| Leonardo Da Vinci - Osasco | Leonardo Da Vinci - Osasco | 27/03/2024 | r610 L762l | O009216 | 27/03/2024 | 27/03/2024 | Livros |